000 00738cam a2200289 i 4500
001 0000864
003 DO-SdBNP
005 20180216091454.0
007 0000864
008 100514s 1999 sp a | |||| 000 f spa
015 _a
017 _a
_b
020 _a8478643621
035 _a
040 _aBPMSU
_bspa
_cBPMSU
_e
080 _a
100 1 _aRifa, Fina
245 1 0 _aCaracol, col, col /
_h
_cFina Rifa ; traducción J. Martín Lloret
260 _aBarcelona :
_bCon - Bel,
_bEsin,
_c[19--?].
300 _a[16] p.:
_bil.
_c20 cm.
490 1 _aLa lupa
_v7
700 1 2 _aLloret, J. Martín
_etrad.
830 0 _aLa lupa
_n7
942 _2ddc
_cBK
945 _aInventariado, MFF/2018
956 _aYLOCKWARD
_810
_cBPMSU
999 _c12250
_d12250